LEADER 00931nam0-2200325---450- 001 990008341270403321 005 20060608115753.0 010 $a88-7104-247-6 035 $a000834127 035 $aFED01000834127 035 $a(Aleph)000834127FED01 035 $a000834127 100 $a20060608d1990----km-y0itay50------ba 101 0 $aita 102 $aIT 105 $ay-------001yy 200 1 $aMilena$eun paese siciliano sessant' anni dopo$fCaterina Pasqualino 210 $aNapoli$cEdizioni scientifiche italiane$d1990 215 $a148 p.$d24 cm 225 1 $aMezzogiorno rivisitato$v6 610 0 $aMilena$aInchieste sociologiche 676 $a945.821$v21$zita 700 1$aPasqualino,$bCaterina$0500558 801 0$aIT$bUNINA$c20060607$gRICA$2UNIMARC 901 $aBK 912 $a990008341270403321 952 $a945.821 PAS 1$bBibl. 10540$fFLFBC 959 $aFLFBC 996 $aMilena$9720987 997 $aUNINA LEADER 01416nam0-2200445---450 001 990009511840403321 005 20180515150203.0 010 $a978-88-7313-275-2 035 $a000951184 035 $aFED01000951184 035 $a(Aleph)000951184FED01 035 $a000951184 100 $a20120117d2010----km-y0itay50------ba 101 1 $aita$cfre 102 $aIT 105 $ay-------001yy 200 1 $a<>invenzione del quotidiano$fMichel de Certeau$gprefazione di Michel Maffesoli$gintroduzione di Alberto Abruzzese$gpostfazione di Paola Di Cori 210 $aRoma$cLavoro$d2010 215 $a339 p.$d24 cm 225 1 $aClassici & contemporanei$v21 454 0$12001$a<>invention du quotidien. 1, Arts de faire$953935 610 0 $aCultura di massa 610 0 $aVita quotidiana$aAspetti psicosociali 610 0 $aSociologia del quotidiano 610 0 $aStoria sociale 676 $a306.4 676 $a302$v22$zita 700 1$aCerteau,$bMichel de$f<1925-1986>$0156965 702 1$aMaffesoli,$bMichel$f<1944- > 702 1$aAbruzzese,$bAlberto$f<1942- > 702 1$aDi Cori,$bPaola 801 0$aIT$bUNINA$gRICA$2UNIMARC 901 $aBK 912 $a990009511840403321 952 $a306.4 CER 1$bbibl.61168$fFLFBC 952 $a302 DEC 1$b4774$fbfs 959 $aFLFBC 959 $aBFS 996 $aInvention du quotidien. 1, Arts de faire$953935 997 $aUNINA